000 01159nam a22003257a 4500
003 CHAP
005 20220817041855.0
008 971013s1981 r 00010 d
010 _a27309
011 _a28281
035 _a32384
040 _cCHAP
090 _aFolleto 9700
110 _aInstituto Nacional de Capacitación del Sector Agropecuario, A. C. México
_959291
245 _aDocumentos de apoyo para la operación del Sistema Alimentario Mexicano
260 _aMéxico, D.F. :
_bEl Instituto,
_c(1981?)
300 _a76 p
490 _aCuadernos de capacitación
_v; 4
590 _aBATCH-UPD
_b10
_c20130110
_lUCH01
_h1234
590 _aBATCH-UPD
_b10
_c20130410
_lUCH01
_h0803
590 _aBATCH-UPD
_b10
_c20130914
_lUCH01
_h0129
590 _aCONVERSION
_b10
_c20130109
_lUCH01
_h1316
650 1 4 _aAlimentos
_xAbastecimiento
_xMexico.
_94132
650 1 4 _aPolítica agrícola
_zMéxico.
830 0 _aCuadernos de capacitación
_v; 4
_929750
901 _aBK
942 _cFOLL
949 _aFolleto 9700
_bBC
_cFOLL
_d-75187
_eTS1
_gI.c/e
_i32384
_mDir
_si
_t65.00
949 _aFolleto 9700
_bBC
_cFOLL
_d-75188
_eTS2
_fc.2
_gI.c/e
_i32384
_mDir
_si
_t65.00
999 _c27309
_d27309